00393 a2200121 450000100060000008200160000610000160002224500550003826000350009330000220012850000140015065001070016492902 a670.285 TIC aSham Tickoo aCATIA V5-6R2013 for designersbCADCIM technologies aUSAbCADCIM technologiesc2014 axxii, page varies aAerospace adesigners software- 3Dcassembly design; wirefram & surface design ; free style; kinematics work bench